Sidewalk circus / (Record no. 3987)

MARC details
000 -LEADER
fixed length control field 01489cam a2200361 a 4500
001 - CONTROL NUMBER
control field 3987
003 - CONTROL NUMBER IDENTIFIER
control field FISKH
005 - DATE AND TIME OF LATEST TRANSACTION
control field 20250820083052.0
008 - FIXED-LENGTH DATA ELEMENTS--GENERAL INFORMATION
fixed length control field 020724s2004 maua b 000 1 eng
010 ## - LIBRARY OF CONGRESS CONTROL NUMBER
LC control number 2002074168
020 ## - INTERNATIONAL STANDARD BOOK NUMBER
International Standard Book Number 0763611077 (alk. paper)
020 ## - INTERNATIONAL STANDARD BOOK NUMBER
International Standard Book Number 9780763627959
040 ## - CATALOGING SOURCE
Original cataloging agency DLC
Transcribing agency DLC
Modifying agency DLC
Language of cataloging eng
042 ## - AUTHENTICATION CODE
Authentication code lcac
050 00 - LIBRARY OF CONGRESS CALL NUMBER
Classification number PZ7.F59918
Item number Si 2004
082 00 - DEWEY DECIMAL CLASSIFICATION NUMBER
Classification number [E]
Edition number 21
100 1# - MAIN ENTRY--PERSONAL NAME
Personal name Fleischman, Paul.
245 10 - TITLE STATEMENT
Title Sidewalk circus /
Statement of responsibility, etc. presented by Paul Fleischman and Kevin Hawkes.
260 ## - PUBLICATION, DISTRIBUTION, ETC.
Place of publication, distribution, etc. Cambridge, MA. :
Name of publisher, distributor, etc. Candlewick Press,
Date of publication, distribution, etc. 2004.
300 ## - PHYSICAL DESCRIPTION
Extent 32 unnumbered pages :
Other physical details color illustrations. ;
Dimensions 26 cm.
520 ## - SUMMARY, ETC.
Summary, etc. A young girl watches as the activities across the street from her bus stop become a circus. A wordless picture book that shows the transformative power of imagination.
521 8# - TARGET AUDIENCE NOTE
Target audience note 10<br/>
Source Lexile
521 8# - TARGET AUDIENCE NOTE
Target audience note A
Source Raz-Plus
650 #1 - SUBJECT ADDED ENTRY--TOPICAL TERM
Topical term or geographic name entry element City and town life
Form subdivision Fiction.
650 #1 - SUBJECT ADDED ENTRY--TOPICAL TERM
Topical term or geographic name entry element Circus
Form subdivision Fiction.
650 #1 - SUBJECT ADDED ENTRY--TOPICAL TERM
Topical term or geographic name entry element Stories without words.
700 1# - ADDED ENTRY--PERSONAL NAME
Personal name Hawkes, Kevin,
Relator term ill.
856 42 - ELECTRONIC LOCATION AND ACCESS
Materials specified Contributor biographical information
Uniform Resource Identifier <a href="http://www.loc.gov/catdir/enhancements/fy0613/2002074168-b.html">http://www.loc.gov/catdir/enhancements/fy0613/2002074168-b.html</a>
856 42 - ELECTRONIC LOCATION AND ACCESS
Materials specified Publisher description
Uniform Resource Identifier <a href="http://www.loc.gov/catdir/enhancements/fy0613/2002074168-d.html">http://www.loc.gov/catdir/enhancements/fy0613/2002074168-d.html</a>
906 ## - LOCAL DATA ELEMENT F, LDF (RLIN)
a 7
b cbc
c orignew
d 1
e ocip
f 20
g y-gencatlg
942 ## - ADDED ENTRY ELEMENTS (KOHA)
Source of classification or shelving scheme Dewey Decimal Classification
Koha item type Books
Suppress in OPAC No
Holdings
Withdrawn status Lost status Source of classification or shelving scheme Damaged status Not for loan Collection Home library Current library Shelving location Date acquired Total Checkouts Full call number Barcode Date last seen Price effective from Koha item type Copy number
    Dewey Decimal Classification     Juvenile Fiction Footprints International School Library Network Toul Kork Campus Footprints International School Library Network Toul Kork Campus TK Primary Library Room(4th Floor), Bookcase 7, Shelves 57-60, Dark Green Books 05/29/2024   FLE 303 PZ7.F59918 2024-0740 05/29/2024 05/29/2024 Books  
    Dewey Decimal Classification     Juvenile Fiction Footprints International School Library Network Toul Tom Poung Campus Footprints International School Library Network Toul Tom Poung Campus TTP Primary Green Bookshelves 08/20/2025   FLE 303 PZ7.F59918 FIS03295 08/20/2025 08/20/2025 Books 2